[Event "KasparovChess GP g/60"]
[Site "Internet"]
[Date "2000.02.12"]
[Round "1.1"]
[White "Kasparov, Garry"]
[Black "Barua, Dibyendu"]
[Result "1-0"]
[WhiteElo "2851"]
[BlackElo "2555"]
[Annotator "Baburin,A"]
[PlyCount "147"]
[EventDate "2000.02.09"]
[EventType "k.o."]
[EventRounds "4"]
[EventCountry "NET"]
[SourceTitle "CBM 076"]
[Source "ChessBase"]
[SourceDate "2000.05.31"]
[SourceVersion "1"]
[SourceVersionDate "2000.05.31"]
[SourceQuality "1"]

1. d4 d5 2. c4 e6 3. Nc3 Nf6 4. cxd5 exd5 5. Bg5 c6 6. Qc2 Be7 7. e3 Nbd7 8.
Bd3 O-O 9. Nge2 Re8 10. O-O Nf8 11. f3 Ng6 12. Rad1 h6 {This is a relatively
new try.} ({Much more common here is} 12... Be6 {where the following game is
important for the theory:} 13. Kh1 Rc8 14. e4 dxe4 15. fxe4 Ng4 16. Bc1 c5 17.
Bb5 Qc7 18. Nf4 cxd4 19. Bxe8 dxc3 20. Bb5 cxb2 21. Qxb2 Nxf4 22. Bxf4 Qc2 23.
Qxc2 Rxc2 24. Rd2 Rxd2 25. Bxd2 Bc5 $17 {Gulko-Sturua, Elista 1998.}) ({
Also popular is} 12... Nh5 {but here Black has more problems, for example:} 13.
Bxe7 Qxe7 14. e4 dxe4 15. fxe4 Be6 16. e5 c5 17. d5 Bg4 18. e6 $40 {
Yakovich-Ahlander, Stockholm 1999.}) 13. Bxf6 (13. Bxh6 gxh6 14. Bxg6 fxg6 15.
Qxg6+ Kh8 16. Nf4 Bf8 17. e4 $13) 13... Bxf6 14. Bxg6 fxg6 15. e4 g5 16. e5
$146 ({In the game Touzane-Plachetka, Portoroz 1998, a draw was agree after} 
16. a4 Be6 17. a5 Be7 18. f4 gxf4 19. Nxf4 Bg5 20. Nxe6) 16... Be7 17. f4 gxf4
18. Nxf4 Rf8 19. Ng6 Rxf1+ 20. Rxf1 Be6 21. Ne2 {Here knights are superior to
bishops. Besides, White can choose which bishop to exchange and which to leave
to Black.} Qd7 22. h4 Re8 23. Ng3 Bf7 $6 (23... Bd8 $5 {- this bishop might be
needed to protect the d6-square and to attack the d4-pawn.}) 24. Nxe7+ Rxe7 25.
Nf5 $16 {[%csl Rd6]} Re6 26. Nd6 Bg6 27. Qc3 Rxd6 {It is unlikely that Black
could put up with such a knight for too long!} 28. exd6 Qxd6 29. Qa3 Qb8 30.
Qe7 Qg3 31. Rf3 $2 {Here White missed a clear win. The rest of the game is
less interesting for this pawn formation.} (31. Rf8+ Kh7 32. Qd8 $1 $18 Be4 33.
Rh8+ Kg6 34. Qe8+ Kf5 35. Qf7+ Kg4 36. Qxg7+) 31... Qg4 32. Qf8+ Kh7 33. Qf4
Qd7 34. Rg3 Be4 35. Qe5 Qf7 36. h5 Qd7 37. b4 a6 38. a4 Kg8 39. a5 Kh7 40. Kf2
Kg8 41. Qb8+ Kh7 42. Qf8 Bc2 43. Qf4 Be4 44. Qe5 Kg8 45. Ke3 Kh7 46. Ke2 Kg8
47. Qb8+ Kh7 48. Qf8 Bc2 49. Kd2 Be4 50. Kc1 Qc7 51. Rg4 Qd7 52. Rf4 Bxg2 53.
Qf5+ Qxf5 54. Rxf5 Kg8 55. Kd2 Bh3 56. Rf4 Be6 57. Ke3 Bf7 58. Rf5 Kf8 59. Re5
Be8 60. Kf4 Bf7 61. Kg4 Be8 62. Kg3 Bf7 63. Kf4 Be8 64. Kf5 Bxh5 65. Ke6 Bg6
66. Re3 Bc2 67. Rf3+ Kg8 68. b5 cxb5 69. Kxd5 b4 70. Kc4 b3 71. Kc3 g5 72. d5
g4 73. Rf4 h5 74. d6 1-0

[Event "Linares 17th"]
[Site "Linares"]
[Date "2000.03.03"]
[Round "4"]
[White "Anand, Viswanathan"]
[Black "Kasparov, Garry"]
[Result "0-1"]
[WhiteElo "2769"]
[BlackElo "2851"]
[Annotator "Ftacnik,L"]
[PlyCount "64"]
[EventDate "2000.02.28"]
[EventType "tourn"]
[EventRounds "10"]
[EventCountry "ESP"]
[EventCategory "21"]
[SourceTitle "CBM 076"]
[Source "ChessBase"]
[SourceDate "2000.05.31"]
[SourceVersion "1"]
[SourceVersionDate "2000.05.31"]
[SourceQuality "1"]

1. e4 c5 2. Nf3 d6 3. d4 cxd4 4. Nxd4 Nf6 5. Nc3 a6 6. Be2 e5 7. Nb3 Be7 8. O-O
Be6 9. f4 Qc7 10. Nd5 Bxd5 11. exd5 Nbd7 12. c4 (12. Be3 Nb6 13. Bxb6 Qxb6+ 14.
Kh1 O-O 15. c4 Rac8 16. Rc1 g6 17. c5 dxc5 18. fxe5 Nd7 19. Bg4 Nxe5 20. Bxc8
Rxc8 21. Qe2 {1-0 O'Donovan,R-O'Shaughnessy,C/IRL-ch/1994/ (28)}) 12... O-O (
12... Nb6 13. fxe5 dxe5 14. Nd2 Bd6 15. Qe1 e4 16. Rxf6 gxf6 17. Nxe4 Bxh2+ 18.
Kh1 Be5 19. d6 Qd8 20. c5 Nd7 21. Bg4 {1-0 Chatterjee,L-Sharma,D/Calcutta/1997/
(39)}) 13. Kh1 Rfe8 14. Be3 (14. a4 a5 15. Be3 b6 16. Rc1 Rab8 17. Bd3 Nc5 18.
Nxc5 bxc5 19. fxe5 dxe5 20. b3 {1-0 Grigorov,J-Szekely,P/Ruse/1978/ (49)})
14... exf4 15. Bxf4 Bf8 (15... Ne5 16. Bxe5 dxe5 17. c5 Bxc5 18. Rc1 b6 19.
Nxc5 bxc5 20. b4 Qb7 21. Rxf6 gxf6 22. bxc5 $44) 16. Rc1 Qb6 (16... Ne5 17. Nd4
Qb6 18. Rc2 Neg4 19. Bxg4 Nxg4 20. Nf5 Ne5 21. b3 Qd8 {0-1 Wolff,P-Morovic
Fernandez,I/Buenos Aires/1997/ (40)}) 17. Rc2 {Anand has prepared this move
long time ago, but finding a coherent plan in the next few moves will be very
difficult.} g6 18. Bf3 Rac8 19. Nc1 (19. Re1 $5 Qb4 (19... Ne5 20. c5 Qb4 21.
Bxe5 dxe5 22. d6 Bxd6 23. Bxb7 $14) 20. Rxe8 Rxe8 21. Bd2 $14) 19... Ne5 20. b3
h5 21. h3 Bg7 22. Ne2 (22. Re2 Nxf3 23. Rxe8+ Rxe8 24. Qxf3 Ne4 $11) 22... Nxf3
23. gxf3 Qc5 24. Rc1 b5 25. Qd2 $2 {White misses his chance to improve the
position of his modestly located knight.} (25. Nd4 bxc4 (25... Nxd5 26. cxd5
Qxd4 27. Qxd4 Bxd4 28. Bxd6 $11) 26. bxc4 Nd7 27. Nb3 Qa3 $15) 25... bxc4 26.
bxc4 h4 27. Bg5 Nh5 28. Bxh4 Rb8 $1 29. Ng1 $2 (29. Rc2 $142 $13) (29. Ng3 Qc8
$1 30. Nxh5 Rb2 31. Rc2 Qxh3+) (29. Bf2 Qa3 $15) 29... Rb2 30. Rc2 Qxc4 $1 {
White have missed this simple combination that pulls apart his defenses.} 31.
Rxc4 (31. Rxb2 Bxb2 32. Rb1 Qxh4 $17) 31... Rxd2 32. f4 (32. Rc6 g5 33. Bf2 Bd4
$1 $19 34. Re1 Rb8 $19) 32... Rxd5 0-1

[Event "Sarajevo Bosnia 30th"]
[Site "Sarajevo"]
[Date "2000.05.27"]
[Round "10"]
[White "Kasparov, Garry"]
[Black "Georgiev, Kiril"]
[Result "1-0"]
[WhiteElo "2850"]
[BlackElo "2675"]
[Annotator "Hansen,Cu"]
[PlyCount "67"]
[EventDate "2000.05.17"]
[EventType "tourn"]
[EventRounds "11"]
[EventCountry "BIH"]
[EventCategory "19"]
[SourceTitle "CBM 077"]
[Source "ChessBase"]
[SourceDate "2000.07.27"]
[SourceVersion "1"]
[SourceVersionDate "2000.07.27"]
[SourceQuality "1"]

1. e4 {Ftacnik} c5 2. Nf3 d6 3. d4 Nf6 4. Nc3 cxd4 5. Nxd4 a6 6. Be3 Nbd7 7. f3
g6 {Back in the 80´s Ki. Georgiev was one of the leading experts in the
Sicilian Dragon. However then he changed his opening-repertoire and the
Najdorf Sicilian became his main opening against 1. e4. In this game the
Bulgarien Grandmaster tries to combine the two openings. The choice when
facing Kasparov is difficult: play a main line then the worlds nr. 1 is at
least well at home in - or play a off-beat line that he does less well -
because it is of dubious value.} 8. Qd2 b5 $6 {even taking into consideration
that blacks opening setup is not the best, this is in my opinion a basic
mistake. I think black should play b7-b5 but only after white has castled
Q-side. If white does not put his K on c1 then blacks b-P should stay at home.}
(8... Bg7 $142 9. O-O-O b5 {Even in that case white is probably
substantionally better} (9... b5 10. g4 Bb7 11. h4 Nb6 12. h5 Rg8 {Xie
Jun-Chiburdanidze/World Championshop match Manila 1990})) 9. a4 $1 {'!?'
Ftacnik. Ftacnik: 'Beating black's flexible set up is anything but easy.
Kasparov hopes to benefit from slightly better pawn structure on the queenside.
'} bxa4 (9... b4 {Ftacnik} 10. Nd5 Nxd5 11. Nc6 Qc7 12. exd5 $14) 10. Nxa4 $16
{[%csl Rd7] Blacks Q-side has been weakened and the postion of Nd7 makes it
difficult to get the kind of counterplay/exchanges that is normal for
Dragon-positions: Nc6-a5 controlling c4 or Nc6xNd4} Bg7 11. Be2 Bb7 {[%cal
Yd6d5]} 12. c4 (12. O-O {Ftacnik} d5 $1) 12... O-O 13. O-O Nc5 14. b4 (14. Nxc5
{Ftacnik} dxc5 15. Nb3 Qxd2 16. Nxd2 Nd7 $11) 14... e5 {'?' Ftacnik. An
inventive move, however it does not solve blacks basic problems. Ftacnik:
'Positionally wrong, since black's central pawns will become very exposed. '} (
14... Nxa4 {Ftacnik} 15. Rxa4 Qc7 16. Ra5 $14) (14... Ne6 {Ftacnik} 15. Nb3 Qc7
16. Na5 $14) 15. bxc5 exd4 16. Bg5 $1 Re8 (16... dxc5 {Ftacnik} 17. Nxc5 (17.
e5 d3 $1 18. exf6 (18. Bxd3 Qd4+ 19. Be3 Qxe5 20. Nxc5 Rfe8 $14) 18... Qd4+ 19.
Be3 Bh6 20. f4 Bxf4 21. Rxf4 Qxa1+ 22. Bd1 Rfe8 23. Rf1 $16) 17... Qc7 18. Nxb7
Qxb7 19. e5 Nd7 20. f4 $16) (16... Bc6 {Ftacnik} 17. Nb6 Rb8 18. Nd5 $16) 17.
cxd6 Qxd6 18. c5 Qc6 (18... Qc7 {Ftacnik} 19. Nb6 $1 Ra7 20. Rfc1 $16) 19. Bc4
{[%csl Ra6,Rd4][%cal Yc4g8,Yg5d8,Ya4b6]} Bc8 (19... Rad8 {Ftacnik} 20. Rfb1 $16
) 20. Nb6 Ra7 (20... Rb8 {Ftacnik} 21. Rfc1 $16) 21. Rfc1 {Ftacnik: 'Black has
problems to hold back white' pieces, since his own forces suffer from lack of
coordination.'} Nd7 22. Bd5 Qc7 23. Nc4 {'!' Ftacnik. White can convert his
advantage into a win in several ways. A funny way of doing so would have been
the antipositional:} (23. Na8 $5 {However Kasparovs move is nicer and most
probably better}) (23. Na8 $5 {Ftacnik} Qe5 24. f4 Qb8 25. Rab1 Rxa8 26. Rxb8
Rxb8 27. c6 $18) 23... Qxc5 24. Na5 Qf8 25. Nc6 h6 26. Bh4 Rc7 27. Be7 $18 {
'!' Ftacnik. Ftacnik: 'Witty move is a triumph of white's perfect piece play,
black queen is unusually trapped on f8 square. '} (27. Ne7+ {Ftacnik} Rxe7 28.
Rxc7 g5 29. Bg3 $16) 27... Rxc6 28. Bxf8 Rxc1+ 29. Rxc1 Nxf8 30. Qf4 Be6 31.
Rc7 Bxd5 32. exd5 f5 33. d6 Rd8 34. Qh4 1-0

[Event "Fujitsu Siemens Giants"]
[Site "Frankfurt"]
[Date "2000.06.25"]
[Round "10"]
[White "Morozevich, Alexander"]
[Black "Kasparov, Garry"]
[Result "0-1"]
[WhiteElo "2748"]
[BlackElo "2851"]
[Annotator "Ftacnik,L"]
[PlyCount "88"]
[EventDate "2000.06.22"]
[EventType "tourn"]
[EventRounds "10"]
[EventCountry "GER"]
[EventCategory "21"]
[SourceTitle "CBM 078"]
[Source "ChessBase"]
[SourceDate "2000.10.18"]
[SourceVersion "1"]
[SourceVersionDate "2000.10.18"]
[SourceQuality "1"]

1. Nc3 c5 2. d4 cxd4 3. Qxd4 Nc6 4. Qh4 Nf6 5. Nf3 d5 6. Bg5 Qa5 {Both
excellent players have sharp, independent mind. After the 6th move they
managed to leave the chess theory.} 7. O-O-O (7. Rd1 Be6 8. Nd4 Nxd4 9. Rxd4
Rc8 $13) 7... Be6 8. Bd2 (8. Nd4 Ne4 $5 9. Nxc6 (9. Nb3 Qb6 10. Be3 Qa6 11.
Nxd5 Bxd5 12. Rxd5 Nf6 13. Rd1 Qxa2 $15) 9... bxc6 10. Nxe4 dxe4 11. a3 Rb8 $13
) 8... g6 9. e4 (9. Na4 Qc7 10. Nc5 Bg4 $13) 9... d4 $1 10. e5 (10. Nb1 Qxa2
11. Bg5 Bg7 12. Nxd4 O-O-O $19) 10... Ng4 (10... dxc3 11. Bxc3 Qxa2 12. exf6
Bd5 13. Bb5 $13) 11. Nxd4 $1 (11. Nb1 Qxa2 12. Bb5 Bg7 $17) 11... Nxd4 12. h3 {
Morozevich plays with the fire, but he can get his sacrificed piece back.} Bg7
(12... Bf5 13. hxg4 Bxc2 14. Re1 $13) (12... Nxe5 13. Qxd4 Bg7 14. Bb5+ Kf8 15.
Qe4 $13) 13. hxg4 Bxe5 14. a3 (14. Re1 Bg7 15. Bh6 Bxh6+ 16. Qxh6 O-O-O $13)
14... Rc8 15. Bd3 Nb3+ $5 16. cxb3 (16. Kb1 Nxd2+ 17. Rxd2 Rxc3 $1 $19) 16...
Bxc3 17. Bxc3 (17. bxc3 Qxa3+ 18. Kb1 Qxb3+ 19. Kc1 Qa3+ 20. Kb1 Ba2+ $19)
17... Rxc3+ 18. Kb1 $2 {There are not too many players, that would flatly
refuse to play draw with the world champion. White sidesteps the move
repetition, but his decision is false and Kasparov will get huge advantage.} (
18. bxc3 Qxc3+ 19. Bc2 (19. Kb1 Qxb3+ 20. Kc1 Qc3+ 21. Kb1 $11) 19... Bxb3 20.
Rd2 Qa1+ 21. Bb1 Qc3+ 22. Bc2 (22. Rc2 Bxc2 23. Bxc2 Qxa3+ $15) 22... Qa1+ $11)
18... Rxb3 19. Qh2 Qc3 $1 (19... Kf8 20. Bc2 Rb5 21. Qh6+ Kg8 $13) 20. Qb8+ Bc8
(20... Kd7 $4 21. Bb5#) 21. Rd2 O-O (21... Qxd2 $2 22. Qxc8#) 22. Qh2 h5 23.
Rhd1 (23. gxh5 Qxd2 24. Bc2 Bf5 $19) 23... Bxg4 24. f3 Be6 25. g4 hxg4 $1 26.
fxg4 (26. Rh1 Rc8 27. fxg4 Rxb2+ 28. Rxb2 Qxd3+ 29. Rc2 Qxc2+ 30. Qxc2 Rxc2 31.
Kxc2 Bxg4 $19) 26... Bxg4 27. Rg1 Rxb2+ $1 {Small combinations were always
shortening the road to victory.} 28. Rxb2 Qxd3+ 29. Qc2 (29. Ka1 Rc8 30. Qd2
Qxa3+ 31. Ra2 Qf3 32. Qd4 Bf5 33. Rxa7 e5 34. Qd2 Rc2 $19) 29... Qd7 (29...
Qxc2+ 30. Kxc2 Bf5+ $19) 30. Qd2 Qxd2 31. Rxd2 Bf3 $19 32. Kb2 Bc6 33. Kc3 Kg7
34. Kb4 e5 35. a4 a6 (35... f5 36. Rd6 Rf6 $19) 36. a5 e4 37. Kc5 Re8 38. Re1
Re6 39. Kd4 (39. Rd6 Re5+ 40. Kb4 Rb5+ 41. Kc4 Rxa5 $19) 39... f5 40. Rh2 Kf6
41. Rh8 Rd6+ 42. Kc5 Rd5+ 43. Kb6 Rb5+ 44. Kc7 Rxa5 0-1

[Event "Corus"]
[Site "Wijk aan Zee"]
[Date "2001.01.13"]
[Round "1"]
[White "Tiviakov, Sergei"]
[Black "Kasparov, Garry"]
[Result "0-1"]
[WhiteElo "2597"]
[BlackElo "2849"]
[Annotator "Wells,P"]
[PlyCount "106"]
[EventDate "2001.01.13"]
[EventType "tourn"]
[EventRounds "13"]
[EventCountry "NED"]
[EventCategory "19"]
[SourceTitle "CBM 081"]
[Source "ChessBase"]
[SourceDate "2001.03.20"]
[SourceVersion "1"]
[SourceVersionDate "2001.03.20"]
[SourceQuality "1"]

{[%mdl 1]} 1. e4 c5 2. Nc3 d6 3. f4 g6 4. Nf3 Bg7 5. Bc4 Nc6 6. O-O e6 7. d3
Nge7 8. Qe1 O-O 9. Bb3 $6 {I am none too impressed by this. The point of
'persuading' black ( especially Najdorf devotees ) into the versions of the f4
Sicilian with 2...d6 must relate to the strengthening of the f5 pawn sacrifice
ideas. The text move allows black not just to take the bishop pair, but to
instigate pretty much unhindered an entire strategy of light-square domination.
} ({Therefore, for better or worse I think} 9. f5 $5 {should be tried, and if
it fails then white maybe should look elsewhere before!?}) 9... Na5 $1 10. Be3
b6 11. Bf2 Bb7 12. Bh4 Nxb3 13. axb3 {[%csl Gb7] The problem white faces is
not just the bishop pair ( although there is precious little compensation
anyway ). It is black's excellent chances of establishing a bind on the light
squares. The problem is that with a little patience black can organise the ...
f5 break which will permanently pressure white's centre. White lacks classic
sources of play - strong central squares for the knights, pawn moves which
clamp down on the scope of his opponent's bishop pair. As for white's
remaining bishop, it has successfully manouevred to an active-looking square,
but it is quite unclear where it goes from there} Qd7 14. Qg3 f5 $1 {[%cal
Gb7e4,Gf5e4][%mdl 4]} 15. Rae1 Nc6 {[%csl Rc3,Re4][%cal Gc6d4,Yf3d4,Gc5d4]} 16.
exf5 {I do not intend to try to prove that white could have held the centre,
but this exchange is tantamount to capitulation. Black will combine play along
the long white diagonal with pressure on the g-file, and white's g2 point will
eventually give. Note that the structure in the centre offers white's knights
just about no prospects whatever of a brighter future.} gxf5 {[%csl Rg2][%cal
Gb7g2,Gg8g2]} 17. Re2 Rae8 18. Rfe1 Kh8 19. Qh3 Nd4 20. Nxd4 Bxd4+ 21. Kh1 Rg8
22. Nd1 Rg6 23. c3 Bg7 24. Ne3 Rf8 25. Bg5 h6 26. Bh4 b5 27. Nf1 b4 {Far from
'suffering' on the dark squares in exchange for his light-square dominance,
black is able to increase his spatial plus on both colour complexes!} 28. cxb4
cxb4 29. Ne3 Rg8 30. Bg3 Bd4 31. Nc4 R8g7 32. Qh5 Kh7 33. Ne3 Qb5 34. Rd2 a6
35. Qh3 h5 $1 {[%csl Rg3] A nice moment. White is terribly passive, and it is
clear that following a further application of pressure something will give. It
is also obvious that tactically this pawn is immune. Still, such a pawn push
right in front of the king is unusual, and justly praised.} 36. Ree2 h4 37. Be1
Bxe3 38. Qxe3 Qc6 39. Qh3 Qc1 40. Qxh4+ Rh6 41. Rc2 Qd1 42. Rcd2 Qb1 $19 {
[%csl Rh4]} 43. Qf2 Rxg2 44. Qxg2 Bxg2+ 45. Kxg2 Qa2 46. Rc2 Rg6+ 47. Bg3 Qxb3
48. Red2 a5 49. Kf2 a4 50. Rc6 a3 51. bxa3 bxa3 52. Ke2 e5 53. fxe5 f4 0-1

[Event "Corus"]
[Site "Wijk aan Zee"]
[Date "2001.01.14"]
[Round "2"]
[White "Fedorov, Alexei"]
[Black "Kasparov, Garry"]
[Result "0-1"]
[WhiteElo "2575"]
[BlackElo "2845"]
[Annotator "McShane,L"]
[PlyCount "50"]
[EventDate "2001.01.13"]
[EventType "tourn"]
[EventRounds "13"]
[EventCountry "NED"]
[EventCategory "19"]
[SourceTitle "CBM 081"]
[Source "ChessBase"]
[SourceDate "2001.03.20"]
[SourceVersion "1"]
[SourceVersionDate "2001.03.20"]
[SourceQuality "1"]

1. e4 c5 2. d3 {White declines to enter an open Sicilian, perhaps afraid of
Kasparov's fearsome record with the Najdorf. However, Kasparov also has a
habit of punishing opponents who do not enter main lines.} Nc6 3. g3 g6 4. Bg2
Bg7 5. f4 d6 6. Nf3 Nf6 7. O-O O-O 8. h3 b5 {Black will build up where the
c-pawn can be used to his advantage while White will use the e-pawn to build
an attack against the black king.} 9. g4 $6 {Too crude?} (9. Nc3 b4 10. Ne2 {
gets another piece out, after which g3-g4 and f4-f5 leave fewer holes.}) 9...
a5 10. f5 b4 11. Qe1 $6 Ba6 12. Qh4 c4 $1 {This is the problem. Without any
way of maintaining the c2-f5 pawn chain White's position crumbles very quickly.
} 13. Bh6 (13. Rd1 cxd3 14. cxd3 Ne5 $1 {and the fact that White has left the
queenside undeveloped is really showing.}) 13... cxd3 14. cxd3 Bxd3 15. Re1
Bxh6 16. Qxh6 Qb6+ 17. Kh1 Ne5 {White has no prospects for an attack now and
is lost.} 18. Nbd2 Rac8 19. Ng5 Rc2 20. Rf1 Bxf1 21. Rxf1 {A desperate attempt
to sacrifice a rook on f6 with mate on h7 is easily countered.} Rfc8 22. fxg6
hxg6 23. Nb3 (23. Rxf6 exf6 24. Qh7+ Kf8 25. Qh8+ Ke7 {and Black wins.}) 23...
Rxg2 $1 24. Kxg2 Rc2+ 25. Kg3 Qe3+ 0-1

[Event "Linares 18th"]
[Site "Linares"]
[Date "2001.03.01"]
[Round "6"]
[White "Kasparov, Garry"]
[Black "Leko, Peter"]
[Result "1-0"]
[WhiteElo "2849"]
[BlackElo "2745"]
[Annotator "Ftacnik,L"]
[PlyCount "71"]
[EventDate "2001.02.23"]
[EventType "tourn"]
[EventRounds "10"]
[EventCountry "ESP"]
[EventCategory "19"]
[SourceTitle "CBM 082"]
[Source "ChessBase"]
[SourceDate "2001.05.17"]
[SourceVersion "1"]
[SourceVersionDate "2001.05.17"]
[SourceQuality "1"]

1. e4 {McShane} e5 2. Nf3 Nc6 3. Bb5 a6 4. Ba4 Nf6 5. O-O Be7 6. Re1 b5 7. Bb3
O-O 8. a4 ({Avoiding the Marshall Gambit} 8. c3 d5) 8... Bb7 9. d3 d6 10. Nbd2
Na5 11. Ba2 c5 12. Nf1 Re8 13. Ne3 h6 14. Bd2 {McShane: 'I prefer White's
position because Kasparov's minor pieces seem to be more flexible,
coordinating better. A knight on f5 will be very irritating, especially with
h7-h6 having been played.'} c4 {'?' McShane. A serious strategical decision in
a lesser known branch of the Spanish defense labyrinth.} (14... Nc6 {seems a
more sensible way to deal with the positional threat of 15.Bxa5 Qxa5 16.axb5
Qxb5 (otherwise Bxf7+) when black has an isolated a-pawn and bad bishop on e7.
The move played is very loosening.}) 15. Bc3 Qb6 {'?!' McShane.} (15... cxd3
16. cxd3 {and all Kasparov's minor pieces look better placed than their
counterparts.}) 16. Nd2 (16. Qd2 Nc6 17. Nd5 Nxd5 18. exd5 b4 19. dxc6 bxc3 20.
Qxc3 Bxc6 21. Qxc4 (21. dxc4 Bf6) 21... d5 22. Qc3 Bc5 23. Rxe5 $14) (16. dxc4
b4 17. Bd2 Bxe4 {is the idea, but now Leko's queenside can blow up at any time
if the loose coordination is lost.}) 16... Nc6 {'?' McShane.} (16... cxd3 17.
cxd3 b4 18. Ndc4 Nxc4 19. Nxc4 Qc6 20. Bd2 $14) 17. Nd5 {'!' McShane. McShane:
'Now White acquires a clear advantage.'} Nxd5 (17... Qd8 18. dxc4 {wins a pawn.
}) 18. exd5 Na5 (18... Nd4 19. dxc4 b4 20. Bxd4 Qxd4 21. Ne4 $1 Qxd1 22. Raxd1
f5 23. Ng3 Rf8 24. c5 $1 $16) 19. Bxa5 (19. dxc4 $5 b4 20. c5 Qxc5 21. Ne4 Qb6
22. Bd2 $14) 19... Qxa5 20. dxc4 Qxa4 $2 {[%mdl 128] This daring idea will
cost leko dearly, Kasparov attacks with a charming phantasy.} (20... b4 21. Qf3
$14) 21. c5 $1 {McShane: 'I cannot believe that Leko failed to see this coming,
but I see no other way to explain 16...Nc6.'} Qb4 $6 (21... dxc5 $2 22. d6 Bxd6
23. Bxf7+ $18) (21... Qh4) 22. Ne4 $1 (22. c6 $6 Bc8 $14) 22... Qxb2 (22...
dxc5 23. c3 Qxb2 24. Re2 Qa3 25. d6 $18) 23. cxd6 Bf8 (23... Bh4 24. g3 Bd8 25.
c3 f5 26. Re2 Qa3 27. Bb3 Qxa1 28. Qxa1 fxe4 29. Rxe4 $18) 24. c3 {'!' McShane.
McShane: 'A quiet move stopping Qd4 and threatening 25.Re2 Qa3 26.Bb3 trapping
the queen.'} f5 {McShane: 'Desperation.'} 25. d7 Red8 26. d6+ Kh8 27. Nc5 Bc6
28. Nd3 Qxc3 29. Nxe5 {White has managed to open the roads to the black king,
the defense is out of reach for the bad black's position suffocating under the
pawns d6 and d7.} Be4 30. Nf7+ Kh7 31. Ng5+ Kh8 32. Nxe4 fxe4 33. Qd5 Kh7 34.
Qg8+ Kg6 35. Bf7+ Kf6 36. Bd5 1-0